000 00500nam a22001697a 4500
003 NUST - PNEC
005 20170116181113.0
008 151004b xxu||||| |||| 00| 0 eng d
020 _a0863802494
040 _cLIBRARY
082 _a628.1015118 SAV
100 _913352
_aSavic, Dragan A
245 _aWater industry systems : modelling and optimization applications VOL II
_cDragan Savic,
260 _cc1999.
650 _913059
_aWater--Distribution--Mathematical models
_xIME
942 _2ddc
_cBK
999 _c69221
_d69221